000 00840nam a22002657a 4500
001 BR7401230
003 BR-BrBNA
005 20230928084553.0
007 ta
008 230509b bl.||||| |||| 00| 0 por d
040 _aBR-BrBNA
_bpor
_cBiblioteca Nacional de Agricultura
041 _a(Por)
072 _aE70; F00
_b0180
_b/G514
090 _ 0180 BR7401230
110 1 _aMinisterio da Agricultura, Rio de Janeiro, GB (Brasil). Servico de Estatistica da Producao
_96970
245 1 _aTrigo, aspectos nacionais e internacionais da sua cultura e comercio [Brasil]
260 3 _aRio de Janeiro, GB (Brasil):
_bServico de Informacao Agricola,
_c1940.
300 _a19 p.
650 _aTRIGO
650 _aMERCADO INTERNACIONAL
650 _aCONSUMO
650 _aIMPORTACAO
909 _a202309
_bLucia
_c55
_dLucia Elande
942 _cBK
999 _c19826
_d19826